La Crisis económica y política en centroamérica y su relación con los problemas de salud /

محفوظ في:
التفاصيل البيبلوغرافية
المؤلف الرئيسي: Salazar, Hector
التنسيق: نص
الموضوعات:
الوسوم: إضافة وسم
لا توجد وسوم, كن أول من يضع وسما على هذه التسجيلة!

MARC

LEADER 00000 a a2200000 04500
001 47529
003
040
090 |a REV0857 6 (17) 1980  
100 |a Salazar, Hector  
245 |a La Crisis económica y política en centroamérica y su relación con los problemas de salud /  |c Hector Salazar  
650 |a RECESION ECONOMICA  
650 |a CRISIS POLITICA  
650 |a CENTROAMERICA  
650 |a SISTEMAS DE SALUD  
773 |g volumen6, número17, setiembre-diciembre (1980)  
999 |c 20317  |d 20317